000
00328 a2200109 4500
001
ART_11441
005
20260410161857.0
008
260409a
245
1
0
_a
El GATT en el sistema internacional de comercio
100
1
_a
Ferro, Gustavo
773
0
_t
Revista de Economía
_g
- Nº 66 (ene./mar. 1992)
_w
REV11077
999
_c
25578
_d
25578